000 00542nam a2200205Ia 4500
008 140306s9999 xx 000 0 und d
020 _a9.7805162957e+012
050 _aGT 4965
_b.W5 2001
100 _aWinne, Joanne
245 _aLet's get ready for halloween /
_cJoanne Winne
260 _aUSA :
_bScholastic Inc,
_cc2001.
300 _a24 p. :
_bcol. Ill. ;
_c16 cm.
521 _aG1
526 _cBR
650 _aHalloween
_xJuvenile literature.
650 _aHalloween.
650 _aHolidays.
942 _cBK
999 _c42879
_d42879